La identidad lingüística de los dominicanos / (Registro nro. 13407)

Detalles MARC
000 -LIDER
fixed length control field 01281nam a22002657a 4500
003 - IDENTIFICACDOR DE NÚMERO DE CONTROL
control field DO-SdBNP
005 - DATE AND TIME OF LATEST TRANSACTION
control field 20220328110602.0
008 - ELEMENTOS DE LONGITUD FIJA
fixed length control field 210323b2009 dr ||| 00| 0 spa d
020 ## - ISBN
International Standard Book Number 9789993439554
040 ## - FUENTE DE CATALOGACIÓN
Agencia que crea de manera original el registro BPMSU
Idioma de catalogación spa
Agencia que realiza la transcripción BPMSU
082 ## - NÚMERO DE CLASIFICACIÓN DECIMAL DE DEWEY
Item number 410
Classification number A325i 2009
Edition number 22
100 10 - ASIENTO PRINCIPAL -- NOMBRE PERSONAL
Nombre personal Alba , Orlando
Fechas asociadas con el nombre 1948 -
245 13 - MENCIÓN DE TITULO
Título La identidad lingüística de los dominicanos /
Mención de responsabilidad Orlando Alba
260 ## - PUBLICACIÓN, DISTRIBUCIÓN, ETC. (PIE DE IMPRENTA)
Lugar de publicación, distribución, etc Santo Domingo :
Nombre del editor, distribuidor, etc. Librería la Trinitaria ,
Fecha de publicación, distribución, etc 2009.
300 ## - DESCRIPCIÓN FÍSICA
Extensión 166 p. ;
Otros detalles físicos il.
Dimensiones 22 cm.
500 ## - NOTA GENERAL
Nota general Incluyes datos biográficos del autor en las solapas.
504 ## - NOTA DE BIBLIOGRAFÍA, ETC.
Bibliography, etc Bibliográfica ´p. 161- 166.
505 ## - NOTA DE CONTENIDO
Título Presentación --
-- No hay un dialecto superior a otro --
-- Existe un español típicamente dominicana --
-- El error de mesclar fenómenos lingüístico diferentes. --
-- El español estándar en inclusivo , no exclusivo. --
-- Pesimismo frente a lealtad lingüística --
-- Hipercorrección en las noticias de televisión --
Campo enlazado y núm. de secuencia Integración de los préstamos: un reflejo de la estabilidad del español dominicano --
-- Los dominicanos y las dominicanas --
-- Bibliográfica.
590 ## - NOTA LOCAL
Texto de la nota local Inventariado, 2022/VM
650 #4 - ENCABEZAMIENTO DE MATERIA--TEMÁTICO
Término temático o nombre geográfico como elemento de entrada Lingüística
650 #4 - ENCABEZAMIENTO DE MATERIA--TEMÁTICO
Término temático o nombre geográfico como elemento de entrada Lenguaje y lengua
650 #4 - ENCABEZAMIENTO DE MATERIA--TEMÁTICO
Término temático o nombre geográfico como elemento de entrada Lingüística
Subdivisión temática general Aspectos sociales
910 ## - VALIDACIÓN
Validación Mcabrera / VMateo V.
942 ## - ADDED ENTRY ELEMENTS (KOHA)
Source of classification or shelving scheme Dewey Decimal Classification
Koha item type Libros
Existencias
Withdrawn status Lost status Source of classification or shelving scheme Damaged status Not for loan Collection code Home library Current library Date acquired Source of acquisition Full call number Barcode Date last seen Price effective from Koha item type
    Dewey Decimal Classification     Colección Dominicana Biblioteca Pública Metropolitana Salomé Ureña Biblioteca Pública Metropolitana Salomé Ureña 03/23/2021 Compra BPMSU CD 410 A325i 2009 BPMSU21030068 03/23/2021 03/23/2021 Libros